000 00703nam a2200205Ia 4500
003 GCL
008 140319s9999 xx 000 0 ara d
040 _aGCL /
_cGCL
082 0 4 _a327.11
_bز ح
100 1 _aزهير محمد جميل كتبى
245 1 0 _aحرب الخليج: تهشيم معادلة القوة وهتك التوازنات /
_cزهير محمد جميل كتبى
260 _a[S.N] :
_bلجنة الاعلام والدراسات المستقبلية ،
_c1993
300 _a566 ص
490 _a
650 0 4 _aالعالم العربى
650 0 4 _aالاحوال السياسية
650 0 4 _aالدبلوماسية
650 0 4 _aحرب الخليج
942 _2ddc
_cBK
999 _c28724
_d28724